Political Geography: Nordic Colonies - Statistics

General Stats
  • This quiz has been taken 61 times
  • The average score is 19 of 26
Answer Stats
Colonial Territory Colonizer Present-day Sovereign State % Correct
Island (1262-1918) Denmark I Iceland
98%
- Guadeloupe (1813-1814)- Barthélemy (1784-1878) Sweden F France (Guadeloupe, Saint-Barthélemy)
85%
Jórvík (865-1066) Denmark U United Kingdom (York)
79%
E Estonia
77%
Danske Guldkyst / Dansk Guinea (Danish Gold Coast / Danish Guinea) (1658-1850) Denmark-Norway G Ghana
77%
L Latvia
77%
P Poland
77%
R Russia
77%
- Suðreyjar (700s-1266)- Orkneyjar (800s-1472) - Hjaltland (700s-1472) Norway U United Kingdom (Hebrides, Orkney Islands, Shetland Islands)
77%
Nya Sverige (New Sweden) (1638-1655) Sweden U United States (parts of Delaware, Maryland, New Jersey, Pennsylvania)
77%
Dansk Vestindien (Danish West Indies / Danish Antilles / Danish Virgin Islands) (1672-1917) Denmark-Norway U United States (U.S. Virgin Islands)
77%
Garðaríki (Kievan Rus’) (c.880-1240) Sweden (Varangians) B Belarus
75%
Hertugdømmet Estland (Duchy of _______) (1219-1346) Denmark E Estonia
75%
Øsel (1559-1645) Denmark-Norway E Estonia
75%
Nortmannia (?) (830s-c.990) prob. Denmark F France (Normandy)
74%
Svenska Guldkusten (Swedish Gold Coast) (1650-1658, 1660-1663) Sweden G Ghana
74%
U Ukraine
74%
Hertigdömet Estland (Duchy of _______ ) (1561-1721) Sweden E Estonia
72%
- Trankebar (1620-1845)- Frederiksnagore (1755-1845) - Frederiksøerne (Frederik Islands) / Ny Danmark (New Denmark) (off and on, 1754-1868) Denmark-Norway I India (Tharamgabadi, Serampore, Nicobar Islands)
72%
Dyflin (853-1170) Norway I Ireland (Dublin)
72%
Veðrafjǫrðr (800s-1170) Norway I Ireland (Waterford)
72%
M Moldova
70%
R Romania
70%
S Slovakia
66%
Porto Novo (1733) Sweden I India (Parangipettai)
60%
Langbarðaland (1000s) Sweden (Varangians) I Italy (southern)
49%
No matching quizzes found
Score Distribution
Percent of People with Each Score
Percentile by Number Answered
Your Score History
You have not taken this quiz